Meilleur joueur du Trophée des Champions - Statistiques

Statistiques générales
  • Ce quiz a été pris 55 fois
  • Le résultat moyen est 10 sur 19
Statistiques - réponses
Année Club Nation Joueur % Correct
2022 Paris Saint-Germain Argentine Lionel Messi
94%
2024 Paris Saint-Germain France Ousmane Dembélé
94%
2019 Paris Saint-Germain France Kylian Mbappé
90%
2023 Paris Saint-Germain Corée du Sud Lee Kang-in
90%
2014 Paris Saint-Germain Suède Zlatan Ibrahimović
86%
2016, 2018 Paris Saint-Germain Argentine Ángel Di María
84%
2015 Paris Saint-Germain Côte d'Ivoire Serge Aurier
62%
2025 Paris Saint-Germain France Lucas Chevalier
58%
2011 Olympique de Marseille Ghana André Ayew
54%
2020 Paris Saint-Germain Argentine Mauro Icardi
44%
2009, 2012 Olympique lyonnais France Yoann Gourcuff
42%
2007 Olympique lyonnais France Sidney Govou
40%
2017 Paris Saint-Germain Brésil Dani Alves
28%
2008 Girondins de Bordeaux Maroc Marouane Chamakh
28%
2005 Olympique lyonnais Norvège John Carew
24%
2010 Olympique de Marseille France Steve Mandanda
14%
2021 LOSC Lille Portugal Xeka
10%
2006 Olympique lyonnais France Jérémy Toulalan
8%
2013 Girondins de Bordeaux Gabon André Biyogo Poko
4%
Aucun quiz correspondant
Distribution des résultats
% des personnes avec chaque résultat
Percentile par nombre de réponses
Votre historique - résultats
Vous n’avez pas pris ce quiz